| Tag |
First Indicator |
Second Indicator |
Subfields |
| LEADER |
00000cam a2200000 4500 |
| 001 |
in00000073181 |
| 005 |
20151008052505.0 |
| 008 |
721024s1939 nyua b 00000 eng u |
| 010 |
|
|
|a 39018468
|
| 035 |
|
|
|a (OCoLC)00476368
|
| 035 |
|
|
|9 AAH3573AM
|
| 040 |
|
|
|c CSU
|d TXA
|d UtOrBLW
|
| 049 |
|
|
|a TXAM
|c [110148]
|
| 050 |
|
0 |
|a HD8072
|b .Y6 1939
|
| 092 |
|
|
|a 331
|b Y54
|
| 100 |
1 |
|
|a Yoder, Dale,
|d 1901-
|
| 245 |
1 |
0 |
|a Labor economics and labor problems /
|c by Dale Yoder...
|
| 250 |
|
|
|a 2d ed.
|
| 264 |
|
1 |
|a New York,
|a London :
|b McGraw-Hill book company, inc.,
|c 1939.
|
| 300 |
|
|
|a xii,669 pages :
|b illustrations,diagrams ;
|c 24cm.
|
| 336 |
|
|
|a text
|b txt
|2 rdacontent
|
| 337 |
|
|
|a unmediated
|b n
|2 rdamedia
|
| 338 |
|
|
|a volume
|b nc
|2 rdacarrier
|
| 504 |
|
|
|a "Supplementary readings" at end of each chapter.
|
| 650 |
|
0 |
|a Working class
|z United States
|y 1914-
|
| 651 |
|
0 |
|a United States
|x Economic conditions
|y 1918-1945.
|
| 650 |
|
0 |
|a Labor movement
|z United States
|y 1914-
|
| 650 |
|
0 |
|a Labor
|z United States
|y 1914-
|
| 999 |
|
|
|a MARS
|
| 999 |
f |
f |
|s 5e3bff74-1f39-3edf-9294-6b736b2491e0
|i b27ca632-5508-3488-a45c-736c27afc014
|t 0
|
| 952 |
f |
f |
|p ric
|a Texas A&M University
|b Rellis Campus
|c Joint Library Facility
|d Remote Storage
|t 0
|e HD8072 .Y6 1939
|h Library of Congress classification
|i unmediated -- volume
|m A14800712573
|
| 998 |
f |
f |
|a HD8072 .Y6 1939
|t 0
|l Remote Storage
|